| 000 | 00411nam a2200169Ia 4500 | ||
|---|---|---|---|
| 999 |
_c219 _d219 |
||
| 003 | OSt | ||
| 005 | 20210902122736.0 | ||
| 008 | 190216s9999||||xx |||||||||||||| ||und|| | ||
| 040 | _coclc | ||
| 082 |
_a297 _bHIL/Q |
||
| 100 | _aNull | ||
| 245 | 0 | _aAl Qiraatul Rashida / | |
| 260 | _bHilal Publications, | ||
| 300 | _a104p | ||
| 650 | _aArabic | ||
| 942 |
_cBK _2ddc _h297 _iHIL/Q _k297 _mHIL/Q |
||